000 004110000a22001210004500
090 _aAS
_bSeriadas
245 1 0 _aPeces del género Bathygobius (Perciformes: Gobiidae) del Caribe colombiano
041 0 _aEspañol
700 1 _aAcero P., Arturo
_97522
100 1 _aGarzón Ferreira, Jaime
_93758
942 _cARTICULO
773 1 _tAnales del Instituto de Investigaciones Marinas de Punta de Betín
_h21
_q23-32
_d1992
999 _c16094
_d16094